000 00622cam a22002293a 4500
001 19706
003 PGUSA
005 20140828083422.0
008 061103s2006||||xxu|||||s|||||000 1 eng d
040 _aPGUSA
_beng
042 _adc
050 4 _aPR
100 1 _aRohmer, Sax,
_d1883-1959
245 1 0 _aBrood of the Witch-Queen
_h[electronic resource] /
_cSax Rohmer
260 _bProject Gutenberg,
_c2006
506 _aPublic domain in the USA.
516 _aElectronic text
653 _aWitches -- Fiction
830 0 _aProject Gutenberg
_v19706
856 4 0 _uhttp://www.gutenberg.org/ebooks/19706
942 _cEB
999 _c248961
_d248961